000 00360nam a2200157Ia 4500
008 230711s9999||||xx |||||||||||||| ||und||
041 _aENG
082 _a624
_bPU-S
100 _aPunmia ,B.c
245 0 _aSurveying 1,II
250 _a12th
260 _c2003
_aJalandhar
_bLaxmi Publications(P) Ltd
300 _a639
650 _aCivil Engineering
942 _cBK
999 _c63
_d63